[Event "British Columbia ch"]
[Site "Vancouver CAN"]
[Date "2000.04.23"]
[Round "6"]
[White "Poitras, Luc"]
[Black "Herder, David"]
[Result "1-0"]
[WhiteElo "2101"]
[BlackElo "2263"]
[PlyCount "64"]
[GameId "2160767911724644"]
[EventDate "2000.04.20"]
[EventType "tourn"]
[EventRounds "9"]
[EventCountry "CAN"]
[SourceTitle "CBM 075 Extra"]
[Source "ChessBase"]
[SourceDate "2000.05.11"]
[SourceVersion "2"]
[SourceVersionDate "2000.05.11"]
[SourceQuality "1"]

1. e4 e6 2. d4 d5 3. e5 c5 4. c3 Nc6 5. Nf3 Nge7 6. Bd3 cxd4 7. cxd4 Nf5 8. Bxf5 exf5 9. O-O h6 10. h4 Be6 11. g3 Be7 12. Qd2 f4 13. Qxf4 g5 14. hxg5 hxg5 15. Qe3 Kd7 16. Rd1 Rh5 17. a3 Qh8 18. Kf1 g4 19. Ne1 b6 20. Bd2 Bf5 21. Ke2 Be4 22. Rc1 Rc8 23. b4 Bg5 24. Qc3 Ne7 25. Qb2 Nf5 26. Bxg5 Rxg5 27. Rxc8 Qxc8 28. Nd2 Qa6+ 29. Kd1 Qa4+ 30. Qb3 Qb5 31. Nxe4 dxe4 32. Qxf7+ Ne7 1-0

[Event "British Columbia ch"]
[Site "Vancouver CAN"]
[Date "2000.04.23"]
[Round "7"]
[White "Sokourinski, Sergei"]
[Black "Berry, Jonathan"]
[Result "1/2-1/2"]
[WhiteElo "2125"]
[BlackElo "2272"]
[PlyCount "46"]
[GameId "2160767911724648"]
[EventDate "2000.04.20"]
[EventType "tourn"]
[EventRounds "9"]
[EventCountry "CAN"]
[SourceTitle "The Week in Chess 286"]
[Source "Mark Crowther"]
[SourceDate "2000.05.01"]
[SourceVersion "1"]
[SourceVersionDate "2000.05.01"]
[SourceQuality "2"]

1. d4 Nf6 2. Nf3 c5 3. c3 e6 4. Bg5 d5 5. e3 Qb6 6. Bxf6 gxf6 7. Qc2 Nc6 8. Nbd2 Bd7 9. O-O-O O-O-O 10. dxc5 Bxc5 11. Nb3 Be7 12. Kb1 Kb8 13. Bd3 Ne5 14. Be2 h5 15. Nxe5 fxe5 16. h4 Ba4 17. g3 Bb5 18. Rhe1 Rc8 19. Bxb5 Qxb5 20. Qe2 Qxe2 21. Rxe2 f5 22. Nd2 Rc6 23. Nf3 Bf6 1/2-1/2

[Event "British Columbia ch"]
[Site "Vancouver CAN"]
[Date "2000.04.23"]
[Round "7"]
[White "Yoos, John"]
[Black "Zuk, Robert"]
[Result "1-0"]
[WhiteElo "2371"]
[BlackElo "2291"]
[PlyCount "85"]
[GameId "2160767911724650"]
[EventDate "2000.04.20"]
[EventType "tourn"]
[EventRounds "9"]
[EventCountry "CAN"]
[SourceTitle "CBM 075 Extra"]
[Source "ChessBase"]
[SourceDate "2000.05.11"]
[SourceVersion "2"]
[SourceVersionDate "2000.05.11"]
[SourceQuality "1"]

1. e4 Nf6 2. e5 Nd5 3. d4 d6 4. Nf3 Bg4 5. Be2 e6 6. O-O Be7 7. c4 Nb6 8. Nc3 O-O 9. Be3 Nc6 10. exd6 cxd6 11. d5 exd5 12. cxd5 Bxf3 13. gxf3 Ne5 14. f4 Ned7 15. Rc1 Rc8 16. b3 Nf6 17. Kh1 a6 18. Rg1 Re8 19. Bd4 Bf8 20. Bd3 Nbd7 21. Bf5 g6 22. Bxf6 Nxf6 23. Bxc8 Qxc8 24. Ne4 Qf5 25. Nxf6+ Qxf6 26. Qf3 Bh6 27. Rc3 Bxf4 28. Rc4 Be5 29. Qxf6 Bxf6 30. Rc2 Bd4 31. Rg4 Re1+ 32. Kg2 Bc5 33. b4 Bb6 34. Rc8+ Kg7 35. Rb8 Re7 36. Rf4 f5 37. Rf3 Kf6 38. Kf1 Ke5 39. Rd3 Kf4 40. a3 Ke4 41. Rd2 Kf3 42. Rc8 f4 43. h3 1-0

[Event "British Columbia ch"]
[Site "Vancouver CAN"]
[Date "2000.04.24"]
[Round "8"]
[White "Berry, Jonathan"]
[Black "Herder, David"]
[Result "1-0"]
[WhiteElo "2272"]
[BlackElo "2263"]
[PlyCount "77"]
[GameId "2160767911724651"]
[EventDate "2000.04.20"]
[EventType "tourn"]
[EventRounds "9"]
[EventCountry "CAN"]
[SourceTitle "CBM 075 Extra"]
[Source "ChessBase"]
[SourceDate "2000.05.11"]
[SourceVersion "2"]
[SourceVersionDate "2000.05.11"]
[SourceQuality "1"]

1. g3 Nc6 2. Bg2 e5 3. c4 Nf6 4. Nc3 Bb4 5. Nd5 a5 6. e3 O-O 7. a3 Bc5 8. Ne2 Nxd5 9. cxd5 Ne7 10. d4 exd4 11. exd4 Bd6 12. O-O b5 13. Nc3 Rb8 14. Re1 Ng6 15. Ne4 Be7 16. Bd2 a4 17. Ba5 Ra8 18. Qd2 d6 19. Rac1 Ra7 20. Qc3 f5 21. Nd2 Bg5 22. f4 Bf6 23. Nf3 Rf7 24. Rc2 h6 25. Bf1 Qd7 26. Bg2 Bd8 27. Bb4 Ne7 28. Ne5 dxe5 29. dxe5 Nxd5 30. Bxd5 Qxd5 31. Rd2 Qe6 32. Rxd8+ Kh7 33. Rxc8 Qxc8 34. e6 Rf6 35. e7 Qe8 36. Re5 c6 37. Qd3 g6 38. Qd8 Ra8 39. Qxa8 1-0

[Event "British Columbia ch"]
[Site "Vancouver CAN"]
[Date "2000.04.24"]
[Round "8"]
[White "Milicevic, Dragoljub"]
[Black "Yoos, John"]
[Result "1-0"]
[WhiteElo "2184"]
[BlackElo "2371"]
[PlyCount "129"]
[GameId "2160767911724652"]
[EventDate "2000.04.20"]
[EventType "tourn"]
[EventRounds "9"]
[EventCountry "CAN"]
[SourceTitle "CBM 075 Extra"]
[Source "ChessBase"]
[SourceDate "2000.05.11"]
[SourceVersion "2"]
[SourceVersionDate "2000.05.11"]
[SourceQuality "1"]

1. g3 e5 2. c4 Nc6 3. Bg2 g6 4. Nc3 d6 5. d3 Bg7 6. Rb1 Be6 7. b4 Qd7 8. b5 Nd8 9. a4 Ne7 10. e4 O-O 11. h4 f5 12. Nd5 c6 13. Nxe7+ Qxe7 14. Bg5 Qd7 15. h5 Nf7 16. Bc1 d5 17. hxg6 hxg6 18. Ba3 Rfd8 19. exf5 Bxf5 20. cxd5 cxd5 21. Bh3 Ng5 22. Bxf5 Qxf5 23. Be7 Rd7 24. Bxg5 Qxg5 25. Qd2 Qf5 26. Rc1 Rf8 27. Rh2 Re8 28. f3 Bf6 29. g4 Qg5 30. Nh3 Qxd2+ 31. Kxd2 Rh7 32. Rc5 Rd8 33. Ke3 Bg5+ 34. Ke2 Bf6 35. Rh1 Re7 36. Nf2 Bg5 37. Nh3 Bf6 38. g5 Bg7 39. Nf2 Rf7 40. Rhc1 Bf8 41. Rc7 Bd6 42. Rc8 Rxc8 43. Rxc8+ Rf8 44. Rc1 Kf7 45. Rh1 Ke6 46. Rh6 Kf5 47. Rh7 Rc8 48. Rxb7 Rc2+ 49. Kf1 Kxg5 50. d4 Rc7 51. Rxc7 Bxc7 52. dxe5 Bxe5 53. Ke2 Kf5 54. Nd3 Bd6 55. Ke3 g5 56. Kd4 Ke6 57. Nc5+ Kf5 58. Kxd5 Bc7 59. Nd3 Bb6 60. Kc6 g4 61. fxg4+ Kxg4 62. Ne5+ Kf5 63. Nc4 Bg1 64. a5 Ke4 65. b6 1-0

[Event "British Columbia ch"]
[Site "Vancouver CAN"]
[Date "2000.04.24"]
[Round "8"]
[White "Poitras, Luc"]
[Black "Pechisker, Alfred"]
[Result "0-1"]
[WhiteElo "2101"]
[BlackElo "2035"]
[PlyCount "98"]
[GameId "2160767911724653"]
[EventDate "2000.04.20"]
[EventType "tourn"]
[EventRounds "9"]
[EventCountry "CAN"]
[SourceTitle "The Week in Chess 286"]
[Source "Mark Crowther"]
[SourceDate "2000.05.01"]
[SourceVersion "1"]
[SourceVersionDate "2000.05.01"]
[SourceQuality "2"]

1. e4 c5 2. Nf3 d6 3. d4 cxd4 4. Nxd4 Nf6 5. Nc3 a6 6. Bc4 e6 7. Bb3 Be7 8. O-O O-O 9. f4 Qc7 10. f5 e5 11. Nde2 Nbd7 12. Ng3 b5 13. a3 Bb7 14. Bg5 Rac8 15. Kh1 Qd8 16. Bxf6 Nxf6 17. Nh5 Rxc3 18. Nxf6+ Bxf6 19. bxc3 Bxe4 20. Bd5 Bxd5 21. Qxd5 Qc7 22. Rf3 Rd8 23. Rd1 Qc4 24. Qxc4 bxc4 25. Rd5 Rb8 26. Kg1 Rb6 27. Kf2 Kf8 28. Ke3 Ke8 29. Ke4 Kd7 30. Rf1 Bd8 31. Rfd1 Ke7 32. g4 Bc7 33. R5d2 Rb5 34. g5 f6 35. h4 Kd7 36. Rd5 Rb2 37. R1d2 Kc6 38. gxf6 gxf6 39. Rg2 Ra2 40. a4 Rxa4 41. h5 Ra3 42. Rg3 Ra1 43. Rd2 d5+ 44. Ke3 Rh1 45. Rdg2 Rxh5 46. Rf3 e4 47. Rf1 Rh3+ 48. Kd2 Be5 49. Kc1 Bxc3 0-1

[Event "British Columbia ch"]
[Site "Vancouver CAN"]
[Date "2000.04.24"]
[Round "8"]
[White "Zuk, Robert"]
[Black "Sokourinski, Sergei"]
[Result "1/2-1/2"]
[WhiteElo "2291"]
[BlackElo "2125"]
[PlyCount "53"]
[GameId "2160767911724655"]
[EventDate "2000.04.20"]
[EventType "tourn"]
[EventRounds "9"]
[EventCountry "CAN"]
[SourceTitle "CBM 075 Extra"]
[Source "ChessBase"]
[SourceDate "2000.05.11"]
[SourceVersion "2"]
[SourceVersionDate "2000.05.11"]
[SourceQuality "1"]

1. Nf3 Nf6 2. g3 d5 3. c4 c6 4. b3 dxc4 5. bxc4 e5 6. Bb2 e4 7. Nd4 c5 8. Nc2 Bd6 9. Bg2 O-O 10. O-O Nc6 11. Nc3 Re8 12. Ne3 Be5 13. Rb1 Be6 14. Ba1 Qd7 15. Nxe4 Nxe4 16. Bxe4 Bxa1 17. Rxa1 Bh3 18. Bg2 Bxg2 19. Kxg2 Nd4 20. Rb1 Re6 21. f4 Rae8 22. Rf2 Qc6+ 23. Kg1 h5 24. Qf1 Qe4 25. Re1 Nc2 26. Nxc2 Qxc2 27. e3 1/2-1/2

[Event "British Columbia ch"]
[Site "Vancouver CAN"]
[Date "2000.04.24"]
[Round "9"]
[White "Herder, David"]
[Black "Zuk, Robert"]
[Result "1/2-1/2"]
[WhiteElo "2263"]
[BlackElo "2291"]
[PlyCount "35"]
[GameId "2160767911724656"]
[EventDate "2000.04.20"]
[EventType "tourn"]
[EventRounds "9"]
[EventCountry "CAN"]
[SourceTitle "CBM 075 Extra"]
[Source "ChessBase"]
[SourceDate "2000.05.11"]
[SourceVersion "2"]
[SourceVersionDate "2000.05.11"]
[SourceQuality "1"]

1. d4 Nf6 2. Bg5 d6 3. Nc3 Nbd7 4. e4 c6 5. f4 Qa5 6. Qd2 e5 7. Nf3 Be7 8. O-O-O h6 9. Bh4 exf4 10. e5 dxe5 11. dxe5 Nd5 12. Bxe7 Nxe7 13. e6 fxe6 14. Qxf4 Nf6 15. Qd6 Nf5 16. Qe5 Qxe5 17. Nxe5 O-O 18. Bd3 1/2-1/2

[Event "British Columbia ch"]
[Site "Vancouver CAN"]
[Date "2000.04.24"]
[Round "9"]
[White "Pechisker, Alfred"]
[Black "Berry, Jonathan"]
[Result "0-1"]
[WhiteElo "2035"]
[BlackElo "2272"]
[PlyCount "94"]
[GameId "2160767911724658"]
[EventDate "2000.04.20"]
[EventType "tourn"]
[EventRounds "9"]
[EventCountry "CAN"]
[SourceTitle "The Week in Chess 286"]
[Source "Mark Crowther"]
[SourceDate "2000.05.01"]
[SourceVersion "1"]
[SourceVersionDate "2000.05.01"]
[SourceQuality "2"]

1. d4 g6 2. c4 Bg7 3. Nf3 d6 4. e4 Bg4 5. Be2 c5 6. d5 Na6 7. O-O Nc7 8. a4 e5 9. Nc3 Nf6 10. Ne1 Bxe2 11. Qxe2 O-O 12. Nd3 Nh5 13. g4 Nf4 14. Nxf4 exf4 15. Bxf4 Qd7 16. Kh1 Bxc3 17. bxc3 f6 18. f3 Rf7 19. Rfb1 Ne8 20. Ra2 Rd8 21. h4 Qe7 22. Qh2 Rd7 23. Re2 Qd8 24. Re3 Qa5 25. Qc2 Ng7 26. Bh6 Qd8 27. f4 Rde7 28. Rbe1 Qd7 29. Qd1 Qe8 30. Kg1 Kh8 31. e5 dxe5 32. d6 Re6 33. fxe5 fxe5 34. Qd5 Qd7 35. Rg3 b6 36. Rxe5 Rxd6 37. Qe4 Rdf6 38. Re3 Qd2 39. Qa8+ Rf8 40. Bxg7+ Kxg7 41. Re7+ Kh8 42. Qg2 Qc1+ 43. Re1 Qxc3 44. h5 Qd4+ 45. Kh1 gxh5 46. gxh5 Qh4+ 47. Qh2 Rf1+ 0-1

[Event "British Columbia ch"]
[Site "Vancouver CAN"]
[Date "2000.04.24"]
[Round "9"]
[White "Sokourinski, Sergei"]
[Black "Milicevic, Dragoljub"]
[Result "0-1"]
[WhiteElo "2125"]
[BlackElo "2184"]
[PlyCount "156"]
[GameId "2160767911724659"]
[EventDate "2000.04.20"]
[EventType "tourn"]
[EventRounds "9"]
[EventCountry "CAN"]
[SourceTitle "The Week in Chess 286"]
[Source "Mark Crowther"]
[SourceDate "2000.05.01"]
[SourceVersion "1"]
[SourceVersionDate "2000.05.01"]
[SourceQuality "2"]

1. d4 d6 2. g3 g6 3. Bg2 Bg7 4. Nc3 c6 5. e4 Nd7 6. Be3 Nb6 7. Nge2 h5 8. h3 Bd7 9. Qd3 a5 10. O-O-O a4 11. Rhe1 Nh6 12. Nf4 O-O 13. f3 d5 14. exd5 Bf5 15. Qe2 a3 16. b3 cxd5 17. g4 Rc8 18. gxf5 Nxf5 19. Rd3 Rc6 20. h4 Nxe3 21. Qxe3 Bh6 22. Nce2 Qc7 23. c3 Rf6 24. Kc2 Bxf4 25. Nxf4 Qxf4 26. Qxf4 Rxf4 27. Rxe7 Rb8 28. c4 dxc4 29. bxc4 Nxc4 30. Re4 Rf6 31. d5 b5 32. Bf1 Ra6 33. Rc3 Nd6 34. Rb4 Ra5 35. Bd3 Kg7 36. Rc6 Rd8 37. Be4 Nc4 38. Rc5 Nd6 39. Bd3 Ra4 40. Kc3 Ra5 41. Kd4 Kf6 42. Rc6 Ke7 43. Kc5 Rd7 44. Bf1 Ra4 45. Rxa4 bxa4 46. Bd3 Nb7+ 47. Kd4 Nd8 48. Rc4 Ne6+ 49. Ke4 Nc7 50. Rd4 Kd6 51. Rxa4 Nxd5 52. Rxa3 f5+ 53. Kd4 Nf4 54. Ke3 Ke5 55. Ra5+ Nd5+ 56. Kf2 Kd4 57. Bf1 Rc7 58. Ra4+ Ke5 59. Rc4 Ra7 60. a4 Ra5 61. Be2 Nb6 62. Rc6 Nxa4 63. Rxg6 Nc3 64. Ra6 Rc5 65. Ra8 Kf4 66. Rb8 Nxe2 67. Rb4+ Ke5 68. Kxe2 Rc2+ 69. Kf1 f4 70. Re4+ Kf5 71. Kg1 Rd2 72. Ra4 Re2 73. Ra5+ Re5 74. Ra2 Re1+ 75. Kg2 Ke5 76. Ra5+ Kd4 77. Rxh5 Re2+ 78. Kh3 Ke3 0-1

[Event "British Columbia-ch qual."]
[Site "Smithers CAN"]
[Date "2000.10.22"]
[Round "5"]
[White "Quinn, Micah"]
[Black "Taylor, Nicholas"]
[Result "1-0"]
[WhiteElo "1540"]
[BlackElo "1900"]
[PlyCount "51"]
[GameId "2160767911635837"]
[EventDate "2000.10.21"]
[EventType "swiss"]
[EventRounds "5"]
[EventCountry "CAN"]
[SourceTitle "CFC 2001.02"]
[Source "CFC"]
[SourceDate "2001.02.??"]
[SourceVersionDate "2001.02.??"]
[SourceQuality "1"]

1. Nf3 e6 2. c4 f5 3. b3 Nf6 4. Bb2 Be7 5. e3 O-O 6. g3 b6 7. Bg2 Bb7 8. O-O Na6 9. d4 Qe8 10. Nc3 Qh5 11. Ne5 Qxd1 12. Rfxd1 Bxg2 13. Kxg2 c6 14. d5 Bd6 15. Nxd7 Nxd7 16. dxc6 Be5 17. cxd7 Rfd8 18. f4 Bf6 19. Rd6 Nc5 20. Rad1 Kf7 21. b4 Bxc3 22. bxc5 Bb4 23. c6 Bxd6 24. Rxd6 Ke7 25. Ba3 a5 26. Rd3+ 1-0

[Event "CAN-ch U20 2000"]
[Site "Montreal CAN"]
[Date "2000.05.03"]
[Round "1"]
[White "Bachand-Fleurent, Julien"]
[Black "Gottlieb, Jonathan"]
[Result "1/2-1/2"]
[WhiteElo "1899"]
[BlackElo "2143"]
[PlyCount "91"]
[GameId "2160767911716167"]
[EventDate "2000.05.03"]
[EventType "swiss"]
[EventRounds "8"]
[EventCountry "CAN"]

1. e4 c5 2. Nc3 Nc6 3. f4 g6 4. Bc4 Bg7 5. d3 d6 6. Be3 e6 7. Nge2 Nd4 8. O-O Ne7 9. Bf2 a6 10. Nxd4 cxd4 11. Ne2 d5 12. Bb3 Nc6 13. Re1 O-O 14. e5 f6 15. Nxd4 fxe5 16. Nxc6 bxc6 17. fxe5 Rxf2 18. Kxf2 Qh4+ 19. Kg1 Bxe5 20. g3 Bxg3 21. Re2 Bc7 22. c3 e5 23. Qe1 Bb6+ 24. Kh1 Qf4 25. Qg3 Bg4 26. Rg2 Bf3 27. Qxf4 exf4 28. Rf1 Re8 29. Bd1 Bxg2+ 30. Kxg2 g5 31. h4 h6 32. hxg5 hxg5 33. c4 dxc4 34. dxc4 Kg7 35. Bf3 Rd8 36. Bxc6 Rd2+ 37. Kf3 Rxb2 38. Kg4 Kf6 39. Rd1 Bc5 40. Rd5 Bb4 41. Rf5+ Ke6 42. Bd5+ Kd7 43. Rxg5 Rxa2 44. Rg7+ Kd6 45. Kxf4 a5 46. Ke4 1/2-1/2

[Event "CAN-ch U20 2000"]
[Site "Montreal CAN"]
[Date "2000.05.03"]
[Round "1"]
[White "Bluvshtein, Mark"]
[Black "Robichaud, Martin"]
[Result "1-0"]
[WhiteElo "2283"]
[BlackElo "1945"]
[PlyCount "41"]
[GameId "2160767911716168"]
[EventDate "2000.05.03"]
[EventType "swiss"]
[EventRounds "8"]
[EventCountry "CAN"]

1. e4 Nf6 2. e5 Nd5 3. d4 d6 4. c4 Nb6 5. exd6 cxd6 6. Nc3 Bf5 7. Be3 d5 8. c5 Nc8 9. Qb3 Qd7 10. Qxd5 Nc6 11. Qxd7+ Bxd7 12. O-O-O f6 13. Nf3 e6 14. d5 Nd8 15. Bb5 e5 16. Rhe1 a6 17. Bxd7+ Kxd7 18. Ne4 Be7 19. Kb1 Re8 20. d6 Bf8 21. c6+ 1-0

[Event "CAN-ch U20 2000"]
[Site "Montreal CAN"]
[Date "2000.05.03"]
[Round "1"]
[White "Buscar, Michael"]
[Black "Johnson, Kyle"]
[Result "1-0"]
[WhiteElo "2081"]
[BlackElo "1584"]
[PlyCount "103"]
[GameId "2160767911716169"]
[EventDate "2000.05.03"]
[EventType "swiss"]
[EventRounds "8"]
[EventCountry "CAN"]

1. d4 Nf6 2. Nf3 e6 3. Bg5 d5 4. Nbd2 Nbd7 5. e3 Be7 6. Bd3 O-O 7. O-O c5 8. c3 h6 9. Bh4 b6 10. Re1 Bb7 11. e4 dxe4 12. Nxe4 Nxe4 13. Bxe4 Bxe4 14. Rxe4 Rc8 15. Bxe7 Qxe7 16. Qe1 Rfe8 17. Rd1 Nf6 18. Re2 Rcd8 19. c4 cxd4 20. Rxd4 Rxd4 21. Nxd4 Qd7 22. Rd2 Qc7 23. Qe2 Rd8 24. b3 Qc5 25. Nf3 Rxd2 26. Qxd2 Qc7 27. Qd4 Nd7 28. h3 Kf8 29. Kf1 Nc5 30. b4 Nd7 31. a3 e5 32. Qd3 Qc6 33. Nd2 Ke7 34. f3 Qd6 35. Qe3 a5 36. Qc3 axb4 37. axb4 Ke6 38. Ke2 f5 39. Qb3 Kf6 40. Qc3 Ke6 41. Nb3 g6 42. c5 bxc5 43. bxc5 Qc6 44. Qc4+ Kf6 45. Qc3 g5 46. Kf2 Ke6 47. Qe3 Nf6 48. Nd4+ Kd7 49. Nxc6 Kxc6 50. Qxe5 Nd7 51. Qd6+ Kb7 52. c6+ 1-0

[Event "CAN-ch U20 2000"]
[Site "Montreal CAN"]
[Date "2000.05.03"]
[Round "1"]
[White "Feoktistov, Dmitri"]
[Black "Vaingorten, Yaaqov"]
[Result "1/2-1/2"]
[WhiteElo "1937"]
[BlackElo "2253"]
[PlyCount "57"]
[GameId "2160767911716170"]
[EventDate "2000.05.03"]
[EventType "swiss"]
[EventRounds "8"]
[EventCountry "CAN"]

1. d4 Nf6 2. c4 g6 3. Nc3 Bg7 4. e4 d6 5. f3 O-O 6. Be3 b6 7. Bd3 a6 8. Nge2 c5 9. O-O Nc6 10. d5 Ne5 11. f4 Nxd3 12. Qxd3 Ne8 13. f5 Nf6 14. fxg6 hxg6 15. Rae1 Ng4 16. Bf4 Ne5 17. Bxe5 Bxe5 18. Kh1 b5 19. Ng1 bxc4 20. Qxc4 Rb8 21. Nf3 Rxb2 22. Nxe5 dxe5 23. Qxc5 Qd6 24. Qe3 Qa3 25. Rc1 Kg7 26. Qa7 Bb7 27. Qe3 Bc8 28. Qa7 Bb7 29. Qe3 1/2-1/2

[Event "CAN-ch U20 2000"]
[Site "Montreal CAN"]
[Date "2000.05.03"]
[Round "1"]
[White "Guo, Joshua"]
[Black "Khaziyeva, Dinara"]
[Result "1-0"]
[WhiteElo "2202"]
[BlackElo "1912"]
[PlyCount "85"]
[GameId "2160767911716172"]
[EventDate "2000.05.03"]
[EventType "swiss"]
[EventRounds "8"]
[EventCountry "CAN"]

1. e4 d6 2. d4 Nf6 3. Nc3 g6 4. Be3 Bg7 5. Qd2 c6 6. Bh6 Bxh6 7. Qxh6 Qb6 8. O-O-O Be6 9. Nf3 Na6 10. Ng5 Nc7 11. Nxe6 Nxe6 12. Qe3 O-O-O 13. Bc4 d5 14. Bb3 h5 15. h3 g5 16. exd5 cxd5 17. Qe5 Qd6 18. Rhe1 g4 19. h4 Rhg8 20. g3 a6 21. Qf5 Kb8 22. Re5 Ng7 23. Qg5 Nge8 24. Qe3 e6 25. Ne2 Ng7 26. c3 Nf5 27. Qf4 Ne4 28. Bc2 f6 29. Rxe6 Qxf4+ 30. Nxf4 Ng7 31. Re7 Nxf2 32. Rf1 Ne4 33. Bxe4 dxe4 34. Rxe4 Rge8 35. Rxe8 Rxe8 36. Kd2 f5 37. Re1 Rxe1 38. Kxe1 Kc7 39. a4 Kd6 40. Ke2 Kc6 41. Kd3 b5 42. axb5+ axb5 43. b3 1-0

[Event "CAN-ch U20 2000"]
[Site "Montreal CAN"]
[Date "2000.05.03"]
[Round "1"]
[White "Lentini, Joseph"]
[Black "Michalowski, Lukasz"]
[Result "0-1"]
[WhiteElo "2130"]
[BlackElo "1867"]
[PlyCount "128"]
[GameId "2160767911716174"]
[EventDate "2000.05.03"]
[EventType "swiss"]
[EventRounds "8"]
[EventCountry "CAN"]

1. e4 c5 2. Nf3 Nc6 3. d3 e6 4. g3 g6 5. Bg2 Bg7 6. O-O Nge7 7. Re1 d6 8. Nbd2 Bd7 9. c3 b5 10. Nf1 e5 11. Ne3 a5 12. a4 b4 13. Nc4 Be6 14. Be3 Bxc4 15. dxc4 O-O 16. Qd2 Qb8 17. h4 Rd8 18. h5 Ra7 19. Bh6 Bh8 20. Nh4 Rb7 21. Bh3 Bg7 22. Qg5 Bxh6 23. Qxh6 Kh8 24. Nf5 Rg8 25. Qg5 Nxf5 26. exf5 Qd8 27. f6 gxh5 28. Qh4 Rg6 29. Bf5 Rxf6 30. Qxh5 Qg8 31. Re4 Ne7 32. Rg4 Ng6 33. Kg2 bxc3 34. bxc3 Qg7 35. Rb1 Rxb1 36. Bxb1 Kg8 37. f3 Kf8 38. Qg5 Kg8 39. Qc1 Qf8 40. Qb2 Qd8 41. Qb7 Re6 42. Kf2 Re7 43. Qd5 Re6 44. Qc6 Qb8 45. Qb5 Qc7 46. Rg5 Kf8 47. Rh5 Kg7 48. Rh1 Re7 49. Be4 Qd8 50. Rb1 Ra7 51. Qb6 Qe7 52. Rd1 Rd7 53. Qxa5 h5 54. Rh1 h4 55. g4 Qg5 56. Rd1 Qf4 57. Bxg6 fxg6 58. Qb5 Rf7 59. Qc6 e4 60. Qxd6 e3+ 61. Kg1 Qxf3 62. Qe5+ Kh7 63. Qd5 Qf2+ 64. Kh1 e2 0-1

[Event "CAN-ch U20 2000"]
[Site "Montreal CAN"]
[Date "2000.05.03"]
[Round "1"]
[White "Nathani, Kaleim"]
[Black "Reddy, Tyler"]
[Result "0-1"]
[WhiteElo "1909"]
[BlackElo "2185"]
[PlyCount "64"]
[GameId "2160767911716176"]
[EventDate "2000.05.03"]
[EventType "swiss"]
[EventRounds "8"]
[EventCountry "CAN"]

1. e4 e6 2. d4 d5 3. e5 c5 4. c3 Nc6 5. Nf3 Bd7 6. a3 c4 7. Bf4 Na5 8. Nbd2 Bc6 9. Be2 Qd7 10. O-O Ba4 11. Qc1 Ne7 12. Be3 Nf5 13. Bg5 h6 14. Bf4 Be7 15. g4 g5 16. gxf5 gxf4 17. f6 Bf8 18. Kh1 h5 19. Rg1 Bh6 20. h4 O-O-O 21. Ng5 Rdg8 22. Bf3 Qe8 23. Bd1 Bxg5 24. hxg5 Rg6 25. Bc2 Bxc2 26. Qxc2 Qb5 27. Rab1 Nb3 28. Nxb3 Qxb3 29. Qd2 Rhg8 30. Qxf4 Qc2 31. Qg3 Rxg5 32. Qh2 Qe4+ 0-1

[Event "CAN-ch U20 2000"]
[Site "Montreal CAN"]
[Date "2000.05.03"]
[Round "1"]
[White "Pescarus, Radu"]
[Black "Liu, Ming"]
[Result "1/2-1/2"]
[WhiteElo "2005"]
[BlackElo "1303"]
[PlyCount "122"]
[GameId "2160767911716177"]
[EventDate "2000.05.03"]
[EventType "swiss"]
[EventRounds "8"]
[EventCountry "CAN"]

1. e4 e5 2. Nf3 Nc6 3. Bb5 Nf6 4. O-O Bc5 5. Nc3 O-O 6. Nxe5 Bd4 7. Nxc6 bxc6 8. Bd3 Re8 9. Ne2 Bb6 10. Ng3 d5 11. exd5 cxd5 12. Be2 a5 13. d3 c6 14. Bg5 h6 15. Bf4 Be6 16. c3 Qd7 17. d4 c5 18. Qb3 Qa7 19. dxc5 Bxc5 20. Qc2 Rad8 21. Bb5 Bd7 22. Bd3 Qb6 23. h3 Bb5 24. Bxb5 Qxb5 25. Rae1 Ne4 26. Nxe4 Rxe4 27. Rxe4 dxe4 28. b4 axb4 29. cxb4 Qxb4 30. Rb1 Qa5 31. Rc1 Bb6 32. a4 Qf5 33. Be3 Bxe3 34. fxe3 Rd3 35. Qc8+ Qxc8 36. Rxc8+ Kh7 37. Kf2 h5 38. h4 Kg6 39. a5 Kf5 40. a6 Ra3 41. Rc7 Kf6 42. a7 g6 43. Ke2 Ra2+ 44. Kd1 Ke6 45. Kc1 f6 46. Kb1 Ra4 47. Kb2 Kf5 48. Kb3 Ra1 49. Rg7 g5 50. Kc4 Kg4 51. hxg5 fxg5 52. Kd5 Ra4 53. Kc6 Kh4 54. Kb7 g4 55. Rg6 Rxa7+ 56. Kxa7 Kg3 57. Rg5 Kxg2 58. Rxh5 Kf3 59. Rg5 g3 60. Kb6 Kxe3 61. Rxg3+ Kf2 1/2-1/2

[Event "CAN-ch U20 2000"]
[Site "Montreal CAN"]
[Date "2000.05.03"]
[Round "1"]
[White "Raheb, David"]
[Black "Kenney, Jason"]
[Result "1-0"]
[WhiteElo "2148"]
[BlackElo "1907"]
[PlyCount "81"]
[GameId "2160767911716178"]
[EventDate "2000.05.03"]
[EventType "swiss"]
[EventRounds "8"]
[EventCountry "CAN"]

1. d4 Nf6 2. c4 c5 3. e3 g6 4. Nc3 Bg7 5. Be2 O-O 6. Nf3 cxd4 7. exd4 d5 8. cxd5 Nxd5 9. O-O Nc6 10. Qb3 Be6 11. Qxb7 Nxd4 12. Nxd4 Bxd4 13. Rd1 Nxc3 14. bxc3 Qb6 15. Qxb6 Bxb6 16. Ba3 Rfc8 17. Bb4 Bc5 18. Ba6 Rc7 19. a4 Rb8 20. Rab1 Bf5 21. Rb2 Rb6 22. Be2 a5 23. Ba3 Rxb2 24. Bxb2 Bc2 25. Rd8+ Kg7 26. Bb5 Rb7 27. c4+ f6 28. Rd2 Bf5 29. Bc3 Bb6 30. Kf1 e5 31. Rd6 Bc5 32. Rd2 Bb6 33. Rd5 Be4 34. Rd2 Bf5 35. f4 e4 36. Rd6 e3 37. Rxf6 Bd3+ 38. Ke1 Kh6 39. Rc6 Rf7 40. g3 Bc7 41. Re6 1-0

[Event "CAN-ch U20 2000"]
[Site "Montreal CAN"]
[Date "2000.05.03"]
[Round "1"]
[White "Ramaswamy, Kiran"]
[Black "Cormos, Eugene"]
[Result "0-1"]
[WhiteElo "1714"]
[BlackElo "2069"]
[PlyCount "41"]
[GameId "2160767911716179"]
[EventDate "2000.05.03"]
[EventType "swiss"]
[EventRounds "8"]
[EventCountry "CAN"]

1. e4 e5 2. Nf3 Nc6 3. Bc4 Bc5 4. d3 Nf6 5. c3 O-O 6. Bb3 d6 7. Be3 Bb6 8. Nbd2 Ne7 9. Nc4 Ng6 10. Nxb6 axb6 11. Qd2 d5 12. exd5 Nxd5 13. O-O Bg4 14. Bd1 f5 15. Bg5 Qd6 16. Nh4 Bxd1 17. Qxd1 Nxh4 18. Bxh4 Nf4 19. d4 Qh6 20. Bg3 e4 21. Qc1 0-1

[Event "CAN-ch U20 2000"]
[Site "Montreal CAN"]
[Date "2000.05.03"]
[Round "1"]
[White "Ramaswamy, Kishor"]
[Black "Olson, Hans"]
[Result "0-1"]
[WhiteElo "1525"]
[BlackElo "2022"]
[PlyCount "72"]
[GameId "2160767911716180"]
[EventDate "2000.05.03"]
[EventType "swiss"]
[EventRounds "8"]
[EventCountry "CAN"]

1. d4 Nf6 2. Nf3 g6 3. c4 c5 4. Bg5 Bg7 5. e3 O-O 6. Nc3 Qa5 7. Bd3 Nc6 8. Qd2 e6 9. O-O cxd4 10. exd4 d5 11. Rfe1 a6 12. Bf1 dxc4 13. Bxc4 b5 14. Bb3 Bb7 15. Bh6 Qb6 16. Ne4 Nxe4 17. Rxe4 Ne7 18. Bxg7 Kxg7 19. Rh4 Nf5 20. Rh3 Bxf3 21. Rxf3 Qxd4 22. Rd3 Qb6 23. Bc2 Rad8 24. Qc3+ Kg8 25. Rad1 b4 26. Qd2 Rxd3 27. Qxd3 Ne7 28. Qd6 Qb7 29. Bd3 a5 30. Bc4 Nf5 31. Qd7 Qe4 32. b3 Nh4 33. Bf1 Qg4 34. Qd4 Nf3+ 35. Kh1 Nxd4 36. Bc4 Qxd1+ 0-1